Introduction to information systems : essentials for the internetworked enterprise /

Saved in:
Bibliographic Details
Main Author: O'Brien, James A., 1936-
Format: Book
Language:English
Published: Boston : Irwin/McGraw-Hill, 2000.
Edition:9th ed.
Subjects:
Tags: Add Tag
No Tags, Be the first to tag this record!
Institutions: Mạng thư viện Đại học Đà Nẵng
LEADER 00951cam a2200349 i 4500
001 000046312
003 5774
005 20041027103208.0
008 010220b2000 vm 000 eng
020 |a 0072297492 
040 |a IRC  |c IRC  |d IRC 
041 0 |a eng 
082 1 4 |a 658.4038  |b OB-J 
100 1 |a O'Brien, James A.,  |d 1936- 
245 1 0 |a Introduction to information systems :  |b essentials for the internetworked enterprise /  |c James A. O'Brien. 
250 |a 9th ed. 
260 |a Boston :  |b Irwin/McGraw-Hill,  |c 2000. 
300 |a xxiv, 510, [74] p. :  |b col. ill. 
630 0 4 |a Business. 
630 0 4 |a Management. 
650 0 4 |a Business  |x Data processing. 
650 0 4 |a Management  |x Data processing. 
OWN |a DUT 
999 |a From the UDN01 
TYP |a Monograph 
TYP |a Printed language 
980 |a Mạng thư viện Đại học Đà Nẵng